| 000 | 00748cam a2200265 4500 | ||
|---|---|---|---|
| 008 | 090401t1995 xxu||||| |||| 00| 0 eng d | ||
| 020 | _a086017431X | ||
| 035 | _a(Sirsi) u57586 | ||
| 041 | _aeng | ||
| 050 | _a693.5 | ||
| 100 | _aHarrison, T.A. | ||
| 245 | _aFormwork striking times - criteria, prediction and methods of assessment. | ||
| 260 |
_aLondon _bCIRIA _c1995 |
||
| 300 | _a71p. : ill. ; 30cm. | ||
| 350 | _a45 | ||
| 490 |
_aCIRIA Report _v136 |
||
| 650 | _aCONCRETE STRENGTH | ||
| 650 | _aCONCRETE | ||
| 650 | _aFORMWORK | ||
| 650 | _aSTRIKING TIMES | ||
| 690 | _aBUILT ENVIRONMENT-BUILDING MATERIALS | ||
| 710 |
_aConstruction Industry Research and Information Association _94810 |
||
| 942 | _n0 | ||
| 948 | _c04/03/1997 | ||
| 999 |
_c93946 _d93946 |
||